01572nam a2200313 b 4500001000900000003000900009005001700018007000300035008003400038017000600072035000600078040003100084041001100115080000600126080000600132082002700138100003500165245004800200264005300248300004500301336002700346337003500373338003000408505072100438650002501159650002501184650001701209710003201226 0608576DO-SdBPM20260311135834.0ta970416s1996 sp | ||| ||spa  b  a  aDO-SdBPMbspacBPMSUe rda1 aspah  0a  0a 04a591.77bB877r 19962221 aBrower, Kennetheautor 4aut. 14aLos reinos del mar /cpor Kenneth Browerh  aWashington : bNational Geogrphic Society.c1996 a160 páginas : bilustraciones ;c28 cm atextobtxt2rdacontent asin mediación bn2rdamedia  avolumen bnc2rdacarrier 0 aFascículo 1 El mundo oceánico. -- Fascículo 2 Los grandes señores del mar.-- Fascículo 3 Gigantes en movimiento. -- Fascículo 4 Los mares tropicales. -- Fascículo 5 Paraísos de coral. -- Fascículo 6 Los mares templados. -- Fascículo 7 Sinfonía de colores y formas. -- Fascículo 8 Los mares polares. -- Fascículo 9 La vida entre los hielos. -- Fascículo 10 El Oceáno profundo. Fascículo 11 Explorando los fondos abisales. -- Fascículo 12 El mara abierto y las islas. -- Fascículo 13 El oceáno fuente de todo. -- Fascículo 14 El panda gigante. -- Fascículo 15 El frailecillo. -- Fascículo 16 El lobo ártico. -- Fascículo 17 Ranas venenosas. $aFauna marina. $2BLAAUTO  7aBiología marina2  7aMares y océanos2  7aFauna marina2 aNational Geographic Society